000 00579nam a2200241Ia 4500
003 OSt
005 20221005131748.0
006 a|||||r|||| 00| 0
007 ta
008 221004b |||||||| |||| 00| 0 ben d
024 _a54117
037 _cTextual
040 _aCRL
_cCRL
_bben
041 _2ben
_aben
082 _aO157,3M48,1, 32J0
100 _aDutt
_9207938
245 0 _aSudhabindu
260 _c1950
300 _a881p.
_ccm.
650 _aBENGALI FICTION
942 _hO157,3M48,1, 32J0
_cTEXL
_2cc
999 _c1061314
_d1061314